University Home | Library Home | Institutional Repository

Experience inquiry : (Record no. 216516)

MARC details
000 -LEADER
fixed length control field 00757 a2200229 4500
005 - DATE AND TIME OF LATEST TRANSACTION
control field 20260331095425.0
008 - FIXED-LENGTH DATA ELEMENTS--GENERAL INFORMATION
fixed length control field 260331b ||||| |||| 00| 0 eng d
020 ## - INTERNATIONAL STANDARD BOOK NUMBER
International Standard Book Number 9781544317120
040 ## - CATALOGING SOURCE
Original cataloging agency LC
Transcribing agency UNZA
Description conventions RDA
050 ## - LIBRARY OF CONGRESS CALL NUMBER
Classification number LB1027.23
Item number MIT 2019
100 ## - MAIN ENTRY--PERSONAL NAME
Personal name Mitchell L. Kimberly
Relator term author
245 ## - TITLE STATEMENT
Title Experience inquiry :
Remainder of title 5 powerful strategies, 50 practical experience /
Statement of responsibility, etc. Foreword by Kath Murdoch, Author of the Power of Inquiry.
260 ## - PUBLICATION, DISTRIBUTION, ETC.
Place of publication, distribution, etc. Thousand Oaks :
Name of publisher, distributor, etc. CORWIN,
Date of publication, distribution, etc. 2019.
300 ## - PHYSICAL DESCRIPTION
Extent xix, 211 pages :
Other physical details illustrations.
336 ## - CONTENT TYPE
CONTENT TYPE Text
337 ## - MEDIA TYPE
MEDIA TYPE Unmediated
338 ## - CARRIER TYPE
CARRIER TYPE Volume
504 ## - BIBLIOGRAPHY, ETC. NOTE
Bibliography, etc. note Includes bibliographical references and index
650 ## - SUBJECT ADDED ENTRY--TOPICAL TERM
Topical term or geographic name entry element Inquiry-based learning
700 ## - ADDED ENTRY--PERSONAL NAME
Personal name Murdoch, Kath
Relator term Foreword
999 ## -
-- 216516
-- 216516
942 ## - ADDED ENTRY ELEMENTS (KOHA)
Koha item type Book
Holdings
Withdrawn status Lost status Source of classification or shelving scheme Damaged status Not for loan Collection code Home library Current library Shelving location Date acquired Source of acquisition Cost, normal purchase price Total Checkouts Full call number Barcode Date last seen Copy number Cost, replacement price Price effective from Koha item type
    Library of Congress Classification     Non-fiction Main Library Main Library On Shelf 03/27/2026 Donation 300.00   LB1027.23 MIT 2019 33729006810753 03/27/2026 1 300.00 03/27/2026 Book
© 2026 - The University of Zambia Library - Koha v25.11